000 00724cab a2200229 4500
001 X1082
008 090401t1993 xxu||||| |||| 00| 0 eng d
035 _a(Sirsi) u14600
041 _aeng
245 _aCompulsory purchase and compensation - RICS publishes new consumer leaflet
260 _c1993
350 _a0
490 _aCS Monthly : General Practice
_v3(2) October 1993, 3(1)
650 _aABOUT RICS-RICS MEMBERS
650 _aCOMPENSATION GROUP
650 _aCOMPULSORY PURCHASE ORDERS
650 _aPLANNING AND COMPENSATION ACT 1991
650 _aRICS
690 _aENVIRONMENTAL AND LAND CONSULTANCY-PLANNING AND DEVELOPMENT-COMPULSORY PURCHASE AND COMPENSATION
942 _n0
948 _c04/03/1997
999 _c9527
_d9527